[Event "Tournoi francophone 004 Groupe D"]
[Site "Skype"]
[Date "????.??.??"]
[Round "1.1"]
[White "Talbot, Jacques"]
[Black "Riviere, Perrine"]
[Result "1-0"]
[WhiteElo "1467"]
[BlackElo "1323"]
[PlyCount "49"]

1. e4 e5 2. Nf3 Nc6 3. d4 d6 4. dxe5 Nxe5 5. Nxe5 dxe5 6. Qxd8+ Kxd8 7. Bc4 Ke7
8. O-O Be6 9. Bg5+ Kd6 10. Rd1+ Kc6 11. Bxe6 fxe6 12. Nc3 Bd6 13. Rd3 Nf6 14.
h3 Bb4 15. Rad1 Bxc3 16. Rxc3+ Kb6 17. Be3+ Ka6 18. Rxc7 Rhd8 19. Rxd8 Rxd8 20.
f3 Ne8 21. Re7 Kb5 22. Rxe6 b6 23. Rxe5+ Kc6 24. c4 Kb7 25. Rd5 1-0

[Event "Tournoi francophone 004 Groupe D"]
[Site "Skype"]
[Date "????.??.??"]
[Round "1.2"]
[White "Tamditi, Ibrahim"]
[Black "Gabriele, Noel"]
[Result "1/2-1/2"]
[WhiteElo "1293"]
[BlackElo "1340"]
[PlyCount "81"]

1. e4 e5 2. Bc4 d6 3. Nf3 Nf6 4. Ng5 Be6 5. Bxe6 fxe6 6. Nxe6 Qe7 7. Nxf8 Qxf8
8. d3 Qe7 9. c3 Qe6 10. O-O O-O 11. Na3 c6 12. Bg5 h6 13. Bxf6 Rxf6 14. Nc4 Rg6
15. d4 Qxc4 16. dxe5 Qxe4 17. g3 Qxe5 18. Re1 Qf6 19. Qb3+ Qf7 20. Qc2 Nd7 21.
Re4 Ne5 22. Rf4 Qe6 23. a3 Rf6 24. Rxf6 Qxf6 25. f4 Nf3+ 26. Kg2 Nxh2 27. Kxh2
Rf8 28. Re1 g5 29. Re4 gxf4 30. Rxf4 Qe7 31. Qg6+ Qg7 32. Qxd6 h5 33. Qe6+ Kh7
34. Qe4+ Kg8 35. g4 Rxf4 36. Qxf4 hxg4 37. Kg3 Kh8 38. Qf5 Kg8 39. Qc8+ Kh7 40.
Qxg4 Qxg4+ 41. Kxg4 1/2-1/2

[Event "Tournoi francophone 004 Groupe D"]
[Site "Skype"]
[Date "????.??.??"]
[Round "1.3"]
[White "Moumtaz, Abderrahim"]
[Black "Milanese, Serge"]
[Result "1-0"]
[WhiteElo "1221"]
[BlackElo "1314"]
[PlyCount "71"]

1. d4 Nf6 2. c4 d5 3. cxd5 Nxd5 4. e4 Nb6 5. Nf3 e6 6. Nc3 N8d7 7. Bf4 a6 8.
Bd3 Bb4 9. Rc1 Na4 10. Qxa4 Bd6 11. Bg5 Be7 12. Bxe7 Qxe7 13. O-O O-O 14. Rfe1
e5 15. Nd5 Qd8 16. Nxc7 Nb6 17. Qa5 Rb8 18. Qxb6 Be6 19. Qb4 exd4 20. Qxd4 Qxd4
21. Nxd4 Bxa2 22. Nf5 g6 23. Ne7+ Kg7 24. e5 b5 25. Nxa6 Rb6 26. Nb4 Bb3 27.
Rc5 Bc4 28. Ned5 Bxd5 29. Rxd5 Re8 30. Bxb5 Re7 31. Re4 f6 32. exf6+ Kxf6 33.
Rxe7 Kxe7 34. Nd3 Rb8 35. Rd7+ Kf6 36. Bc4 1-0

[Event "Tournoi francophone 004 Groupe D"]
[Site "Skype"]
[Date "????.??.??"]
[Round "1.4"]
[White "Bustos, Ricardo"]
[Black "Kruk, Clementine"]
[Result "1/2-1/2"]
[WhiteElo "1379"]
[BlackElo "1419"]
[PlyCount "85"]

1. d4 d5 2. Bg5 Nc6 3. Nf3 Bg4 4. Ng1 Nf6 5. Bxf6 gxf6 6. h3 Bh5 7. Qd2 e5 8.
e3 Qe7 9. Be2 Bxe2 10. Nxe2 Bh6 11. c4 Nxd4 12. Nxd4 exd4 13. Qxd4 Qb4+ 14. Qc3
Qxc4 15. Qxc4 dxc4 16. Nc3 a6 17. Nd5 Rd8 18. Nxf6+ Ke7 19. Ng4 Bg7 20. Rb1 c3
21. bxc3 Bxc3+ 22. Ke2 Rd2+ 23. Kf3 b5 24. a3 Bb2 25. Rhd1 Rhd8 26. Rxd2 Rxd2
27. Nh2 Bxa3 28. Nf1 Rb2 29. Ra1 b4 30. Ng3 c5 31. Ne4 c4 32. Kf4 c3 33. Nxc3
bxc3 34. Rxa3 c2 35. Rc3 Kf6 36. Ke4 Rb4+ 37. Kd3 Rb3 38. Kxc2 Rb6 39. Ra3 Ke5
40. Kd3 f5 41. f4+ Kd5 42. g3 h5 43. h4 1/2-1/2

[Event "Tournoi francophone 004 Groupe D"]
[Site "Skype"]
[Date "????.??.??"]
[Round "1.5"]
[White "Rodriguez, Nathalie"]
[Black "Vincent, Andre"]
[Result "1/2-1/2"]
[WhiteElo "1301"]
[BlackElo "1362"]
[PlyCount "74"]

1. d4 d5 2. Nc3 Nf6 3. Bf4 Nc6 4. Nb5 e5 5. dxe5 Ne4 6. e6 Bb4+ 7. c3 Ba5 8.
exf7+ Kxf7 9. e3 Rf8 10. Qh5+ Kg8 11. f3 Nf6 12. Qh4 a6 13. Nd4 Nxd4 14. exd4
Re8+ 15. Be2 Bf5 16. g4 Nxg4 17. Qxd8 Raxd8 18. fxg4 Bxg4 19. h3 Bh5 20. Rh2
Re4 21. Be5 c5 22. O-O-O Bg6 23. h4 Bf5 24. Bd3 Bg4 25. Rf1 Re3 26. Kd2 Rxd3+
27. Kxd3 c4+ 28. Kd2 Re8 29. h5 Bd8 30. Rf4 Bg5 31. Nh3 Bxh3 32. Rxh3 Bxf4+ 33.
Bxf4 Rf8 34. Be3 h6 35. Rg3 Kh7 36. Ke2 Rf5 37. Rh3 Rf7 1/2-1/2

[Event "Tournoi francophone 004 Groupe D"]
[Site "Skype"]
[Date "????.??.??"]
[Round "2.1"]
[White "Riviere, Perrine"]
[Black "Vincent, Andre"]
[Result "0-1"]
[WhiteElo "1323"]
[BlackElo "1362"]
[PlyCount "50"]

1. e4 e5 2. Nf3 Nc6 3. Bb5 Nf6 4. Nc3 Be7 5. Bxc6 bxc6 6. Nxe5 Bb7 7. d4 O-O 8.
O-O d5 9. Re1 Re8 10. Bg5 Bb4 11. Bxf6 Qxf6 12. Qd3 Rad8 13. a3 Bxc3 14. bxc3
c5 15. Rab1 Ba6 16. c4 dxc4 17. Ng4 Qxd4 18. Qxd4 cxd4 19. Kf1 c3+ 20. Kg1 d3
21. f3 d2 22. Red1 Be2 23. Ne3 Rb8 24. Kf2 Bxd1 25. Nxd1 Rxb1 0-1

[Event "Tournoi francophone 004 Groupe D"]
[Site "Skype"]
[Date "????.??.??"]
[Round "2.2"]
[White "Kruk, Clementine"]
[Black "Rodriguez, Nathalie"]
[Result "1-0"]
[WhiteElo "1419"]
[BlackElo "1301"]
[PlyCount "69"]

1. e4 e5 2. Nf3 Nf6 3. Nc3 d6 4. h3 Be6 5. d4 exd4 6. Nxd4 Bd7 7. Bc4 c6 8. Bg5
Be7 9. Qf3 O-O 10. Bxf6 Bxf6 11. O-O-O Qa5 12. Nb3 Qe5 13. Qg3 Be6 14. Qxe5
dxe5 15. Bxe6 fxe6 16. Nc5 Re8 17. Nxb7 Na6 18. Rd7 Rab8 19. Na5 Rec8 20. Rxa7
Nc5 21. Rd1 Kf8 22. Rd6 Rb6 23. b3 Be7 24. Na4 Nxa4 25. Rdd7 Ba3+ 26. Kb1 Nc3+
27. Ka1 Ke8 28. Nc4 Bc5 29. Nxb6 Bxb6 30. Re7+ Kf8 31. Rf7+ Kg8 32. Rxg7+ Kf8
33. Rxh7 Bd8 34. Rad7 Nd5 35. Rh8# 1-0

[Event "Tournoi francophone 004 Groupe D"]
[Site "Skype"]
[Date "????.??.??"]
[Round "2.3"]
[White "Milanese, Serge"]
[Black "Bustos, Ricardo"]
[Result "1-0"]
[WhiteElo "1314"]
[BlackElo "1379"]
[PlyCount "71"]

1. e4 c5 2. c4 Nc6 3. Nf3 d6 4. Nc3 Nf6 5. d3 g6 6. h3 Bg7 7. Be2 O-O 8. O-O
Bd7 9. Nd5 Nxd5 10. cxd5 Ne5 11. d4 Nxf3+ 12. Bxf3 cxd4 13. Be2 Qb6 14. b3 Rac8
15. Bb2 Bb5 16. Bxb5 Qxb5 17. Bxd4 Bxd4 18. Qxd4 Qb6 19. Qd2 a5 20. Rab1 Qa7
21. Kh2 b6 22. h4 Kg7 23. h5 Rc7 24. h6+ Kg8 25. Rbc1 Rfc8 26. Rxc7 Rxc7 27. f4
f6 28. e5 dxe5 29. fxe5 fxe5 30. Re1 Qb8 31. Rxe5 Qf8 32. Re6 b5 33. d6 exd6
34. Rxd6 Re7 35. Qd5+ Qf7 36. Rd8+ 1-0

[Event "Tournoi francophone 004 Groupe D"]
[Site "Skype"]
[Date "????.??.??"]
[Round "2.4"]
[White "Gabriele, Noel"]
[Black "Moumtaz, Abderrahim"]
[Result "1-0"]
[WhiteElo "1340"]
[BlackElo "1221"]
[PlyCount "89"]

1. Nf3 Nf6 2. Nc3 c5 3. e4 d6 4. d4 Nc6 5. d5 Ne5 6. Nxe5 dxe5 7. Bc4 e6 8. a3
a6 9. O-O Bd6 10. Bg5 O-O 11. Qd2 Bd7 12. f4 Be7 13. fxe5 Ng4 14. Bf4 b5 15.
Be2 h5 16. d6 Bh4 17. g3 Nxe5 18. Bxe5 Qg5 19. Qxg5 Bxg5 20. Bxh5 Be3+ 21. Kg2
f6 22. Nd1 Bd2 23. Bf4 Bxf4 24. gxf4 e5 25. f5 c4 26. c3 Rad8 27. Ne3 Bc6 28.
Bf3 Rxd6 29. Nd5 Rd7 30. Rad1 Bxd5 31. exd5 Re8 32. Be4 Rd6 33. Rf3 Kf7 34. h4
Rh8 35. Rh3 Rh5 36. Kg3 Rd8 37. d6 Ke8 38. Kg4 Rh8 39. h5 Kf8 40. Kh4 Kg8 41.
Rg3 Rh6 42. Rd5 Rd7 43. Rg2 Kf7 44. Rd1 Ke8 45. Bc6 1-0

[Event "Tournoi francophone 004 Groupe D"]
[Site "Skype"]
[Date "????.??.??"]
[Round "2.5"]
[White "Talbot, Jacques"]
[Black "Tamditi, Ibrahim"]
[Result "1-0"]
[WhiteElo "1467"]
[BlackElo "1293"]
[PlyCount "21"]

1. e4 e5 2. Nf3 Nc6 3. d4 exd4 4. Nxd4 Nxd4 5. Qxd4 b6 6. Bc4 Qe7 7. O-O Bb7 8.
Re1 O-O-O 9. Bd5 Bxd5 10. Qxd5 Nf6 11. Qa8# 1-0

[Event "Tournoi francophone 004 Groupe D"]
[Site "Skype"]
[Date "????.??.??"]
[Round "3.1"]
[White "Tamditi, Ibrahim"]
[Black "Riviere, Perrine"]
[Result "1-0"]
[WhiteElo "1293"]
[BlackElo "1323"]
[PlyCount "55"]

1. Nf3 Nc6 2. g3 Nf6 3. Bg2 e5 4. d3 Bc5 5. O-O O-O 6. a3 e4 7. Nh4 d5 8. Nc3
Re8 9. Bg5 Be6 10. dxe4 Be7 11. exd5 Nxd5 12. Bxe7 Rxe7 13. Bxd5 Bxd5 14. Nxd5
Re5 15. c4 Ne7 16. Nxe7+ Rxe7 17. Qxd8+ Rxd8 18. e3 Rd2 19. Rad1 Red7 20. Rxd2
Rxd2 21. b4 Rb2 22. Rd1 f6 23. Rd7 g5 24. Nf5 Ra2 25. Rxc7 Rxa3 26. Rxb7 Ra4
27. Ne7+ Kg7 28. Rb5 1-0

[Event "Tournoi francophone 004 Groupe D"]
[Site "Skype"]
[Date "????.??.??"]
[Round "3.2"]
[White "Moumtaz, Abderrahim"]
[Black "Talbot, Jacques"]
[Result "1/2-1/2"]
[WhiteElo "1221"]
[BlackElo "1467"]
[PlyCount "137"]

1. d4 d5 2. c4 e6 3. Nf3 Nf6 4. Nc3 c6 5. Bg5 Be7 6. e3 Nbd7 7. Bd3 dxc4 8.
Bxc4 O-O 9. O-O h6 10. Bh4 Nd5 11. Bxe7 Qxe7 12. Rc1 N7f6 13. e4 Nxc3 14. Rxc3
Nxe4 15. Re3 Nf6 16. Ne5 Nd7 17. Bd3 Rd8 18. Nf3 Nb6 19. Qc2 Nd5 20. Re5 Nb4
21. Qb3 Nxd3 22. Qxd3 b6 23. Qe4 Bb7 24. Rd1 c5 25. Qh4 Qxh4 26. Nxh4 Rxd4 27.
Rxd4 cxd4 28. Re2 Rd8 29. Rd2 d3 30. b4 Ba6 31. Nf3 f6 32. a4 Bc4 33. b5 a6 34.
bxa6 Bxa6 35. Ne1 e5 36. Nf3 e4 37. Nh4 Kf7 38. Nf5 Bc8 39. Ne3 Be6 40. Nd1 Rc8
41. Kf1 Rc2 42. Ke1 Rxd2 43. Kxd2 f5 44. Ke3 Kf6 45. f3 Ke5 46. Nc3 g5 47. fxe4
fxe4 48. Nxe4 Bb3 49. Nc3 Bd5 50. Kxd3 Bxg2 51. Ke3 g4 52. Nb5 h5 53. Nc3 h4
54. Ne2 Bc6 55. Nc3 g3 56. hxg3 hxg3 57. Ke2 Kf4 58. Kf1 Kf3 59. Kg1 g2 60. a5
bxa5 61. Nd1 a4 62. Nb2 a3 63. Nc4 a2 64. Nd2+ Ke2 65. Nb3 Kd3 66. Nc1+ Kc2 67.
Nxa2 Bd5 68. Nb4+ Kc3 69. Nxd5+ 1/2-1/2

[Event "Tournoi francophone 004 Groupe D"]
[Site "Skype"]
[Date "????.??.??"]
[Round "3.3"]
[White "Bustos, Ricardo"]
[Black "Gabriele, Noel"]
[Result "1/2-1/2"]
[WhiteElo "1379"]
[BlackElo "1340"]
[PlyCount "54"]

1. d4 Nf6 2. Nf3 d5 3. c4 c6 4. Nc3 e6 5. cxd5 exd5 6. Bg5 h6 7. Bh4 Be7 8. e3
Bg4 9. Be2 O-O 10. O-O Bxf3 11. Bxf3 Ne4 12. Bxe7 Qxe7 13. Nxe4 dxe4 14. Be2 f5
15. Bc4+ Kh8 16. a4 Nd7 17. a5 f4 18. Qb3 Rab8 19. Rfe1 f3 20. g3 Qe8 21. Rad1
Qh5 22. Bf1 Nf6 23. h3 Qg5 24. g4 Nxg4 25. hxg4 Qxg4+ 26. Kh1 Qh4+ 27. Kg1 Qg4+
1/2-1/2

[Event "Tournoi francophone 004 Groupe D"]
[Site "Skype"]
[Date "????.??.??"]
[Round "3.4"]
[White "Rodriguez, Nathalie"]
[Black "Milanese, Serge"]
[Result "1-0"]
[WhiteElo "1301"]
[BlackElo "1314"]
[PlyCount "87"]

1. d4 Nf6 2. Bf4 d6 3. e3 e6 4. Nf3 Be7 5. Bd3 O-O 6. h3 Nbd7 7. O-O Nd5 8. Bg3
N5f6 9. Nc3 a6 10. Ne4 d5 11. Nxf6+ Bxf6 12. Be5 b5 13. b4 Bb7 14. c3 Bc6 15.
a4 bxa4 16. Bf4 Re8 17. Ne5 Bxe5 18. dxe5 Nb6 19. Re1 g6 20. g4 d4 21. exd4 Bd5
22. Qc1 Qh4 23. Bf1 Bf3 24. Bg3 Qd8 25. Qf4 Bc6 26. c4 Nd7 27. c5 Bb5 28. Bg2
c6 29. g5 a5 30. h4 Kg7 31. Qd2 axb4 32. Qxb4 a3 33. Rxa3 Rxa3 34. Qxa3 Rh8 35.
Bf4 f6 36. gxf6+ Nxf6 37. exf6+ Qxf6 38. Qg3 Qxd4 39. Rxe6 Qd1+ 40. Kh2 Bc4 41.
Be5+ Kf7 42. Qf4+ Kxe6 43. Bxh8 Qd8 44. Qxc4+ 1-0

[Event "Tournoi francophone 004 Groupe D"]
[Site "Skype"]
[Date "????.??.??"]
[Round "3.5"]
[White "Vincent, Andre"]
[Black "Kruk, Clementine"]
[Result "0-1"]
[WhiteElo "1362"]
[BlackElo "1419"]
[PlyCount "62"]

1. e4 e5 2. Nf3 Nc6 3. Bc4 Bc5 4. Nc3 d6 5. h3 Nf6 6. d3 h6 7. O-O Be6 8. Bxe6
fxe6 9. Be3 Nd4 10. Re1 Qd7 11. a3 a5 12. Bxd4 Bxd4 13. Nxd4 exd4 14. Ne2 g5
15. Nxd4 c5 16. Qf3 Rf8 17. Nb3 g4 18. Qg3 gxh3 19. Qxh3 h5 20. f3 e5 21. Qxd7+
Kxd7 22. Re2 a4 23. Nd2 b5 24. c3 d5 25. exd5 Nxd5 26. Rxe5 Nf4 27. Re3 Rg8 28.
g4 hxg4 29. fxg4 Rxg4+ 30. Kh1 Rh8+ 31. Rh3 Rxh3# 0-1

[Event "Tournoi francophone 004 Groupe D"]
[Site "Skype"]
[Date "????.??.??"]
[Round "4.1"]
[White "Riviere, Perrine"]
[Black "Kruk, Clementine"]
[Result "0-1"]
[WhiteElo "1323"]
[BlackElo "1419"]
[PlyCount "58"]

1. e4 e5 2. Nf3 Nc6 3. Bb5 Nd4 4. Nc3 Nf6 5. d3 Nxb5 6. Nxb5 c6 7. Nc3 d6 8. d4
Qb6 9. Be3 Qxb2 10. dxe5 Qxc3+ 11. Bd2 Qc4 12. exf6 Qxe4+ 13. Qe2 Qxe2+ 14.
Kxe2 gxf6 15. Rhe1 Rg8 16. Kf1+ Be6 17. Nd4 Kd7 18. h3 Re8 19. Reb1 b6 20. a4
c5 21. Nb5 Bc4+ 22. Kg1 Re2 23. Bf4 a6 24. Na3 Bd5 25. Bg3 Rxg3 26. fxg3 Rxg2+
27. Kf1 Rxg3 28. Rxb6 Rxh3 29. Rxa6 Rh1+ 0-1

[Event "Tournoi francophone 004 Groupe D"]
[Site "Skype"]
[Date "????.??.??"]
[Round "4.2"]
[White "Milanese, Serge"]
[Black "Vincent, Andre"]
[Result "1-0"]
[WhiteElo "1314"]
[BlackElo "1362"]
[PlyCount "73"]

1. e4 e5 2. Nf3 Nc6 3. Bc4 Be7 4. O-O Nf6 5. d3 h6 6. Nc3 a6 7. a3 O-O 8. Nd5
d6 9. Nxf6+ Bxf6 10. h3 Re8 11. c3 Be6 12. Bd5 Bxd5 13. exd5 Ne7 14. Qb3 b5 15.
a4 Rb8 16. Re1 Ng6 17. Re4 Qd7 18. Be3 Rb7 19. Qb4 c5 20. dxc6 Qxc6 21. Qb3 d5
22. Rg4 e4 23. Nd4 Bxd4 24. Bxd4 Ne5 25. Bxe5 Rxe5 26. d4 Rf5 27. h4 g6 28. Qa3
b4 29. cxb4 Qc2 30. Qg3 g5 31. hxg5 h5 32. Rh4 Qxb2 33. Rf1 Qxd4 34. Rxh5 Qg7
35. Qd6 Qg6 36. Qd8+ Kg7 37. Qh8# 1-0

[Event "Tournoi francophone 004 Groupe D"]
[Site "Skype"]
[Date "????.??.??"]
[Round "4.4"]
[White "Talbot, Jacques"]
[Black "Bustos, Ricardo"]
[Result "1-0"]
[WhiteElo "1467"]
[BlackElo "1379"]
[PlyCount "69"]

1. e4 c5 2. Nf3 e6 3. Nc3 Nc6 4. d4 cxd4 5. Nxd4 Nf6 6. Nxc6 dxc6 7. Qxd8+ Kxd8
8. Bc4 b5 9. Bb3 a6 10. O-O Bb4 11. Rd1+ Kc7 12. Bf4+ Kb7 13. f3 Nh5 14. Be5
Bc5+ 15. Bd4 Bxd4+ 16. Rxd4 Kb6 17. Rad1 Bb7 18. Rd7 Rhf8 19. a4 b4 20. Na2 Nf6
21. R7d2 Ka7 22. Nxb4 g5 23. e5 Nd5 24. Bxd5 cxd5 25. Rd4 a5 26. Nd3 Rad8 27.
b4 Ba6 28. bxa5 Bxd3 29. R1xd3 Rc8 30. c3 Rc5 31. Rg4 Rxa5 32. Rxg5 Rxa4 33.
Rg7 Rh4 34. Rd4 Rh6 35. Rf4 1-0

[Event "Tournoi francophone 004 Groupe D"]
[Site "Skype"]
[Date "????.??.??"]
[Round "4.5"]
[White "Tamditi, Ibrahim"]
[Black "Moumtaz, Abderrahim"]
[Result "1-0"]
[WhiteElo "1293"]
[BlackElo "1221"]
[PlyCount "117"]

1. Nf3 Nf6 2. g3 d5 3. Bg2 Nc6 4. O-O e6 5. d4 Be7 6. a3 O-O 7. Bd2 Re8 8. b4
a6 9. Nc3 b5 10. Re1 Bb7 11. Rb1 Bd6 12. Bg5 h6 13. Bh4 e5 14. dxe5 Nxe5 15.
Nxe5 Bxe5 16. Nxd5 Bxd5 17. Bxf6 Bxf6 18. Bxd5 Rc8 19. Rb3 c6 20. Bf3 Qxd1 21.
Rxd1 Red8 22. Rbd3 Rxd3 23. cxd3 c5 24. Rc1 Be7 25. d4 c4 26. Bb7 Rb8 27. Bxa6
Bf6 28. e3 Rb6 29. Bxb5 Rxb5 30. Rxc4 Rb8 31. a4 Be7 32. b5 Ra8 33. b6 Bd6 34.
b7 Rb8 35. Rc8+ Kh7 36. Rxb8 Bxb8 37. Kg2 f5 38. Kf3 Kg6 39. Ke2 Kf6 40. Kd3
Ke6 41. Kc4 Kd6 42. Kb5 Kc7 43. Ka6 Kc6 44. f3 Bd6 45. Ka7 g5 46. a5 g4 47.
fxg4 fxg4 48. a6 Bc7 49. b8=Q Bxb8+ 50. Kxb8 Kd7 51. a7 Kd8 52. a8=Q h5 53.
Kb7+ Kd7 54. Qa6 Ke7 55. Kc7 Ke8 56. Qe6+ Kf8 57. Kd7 Kg7 58. Ke7 Kh7 59. Kf7
1-0

[Event "Tournoi francophone 004 Groupe D"]
[Site "Skype"]
[Date "????.??.??"]
[Round "5.1"]
[White "Moumtaz, Abderrahim"]
[Black "Riviere, Perrine"]
[Result "1-0"]
[WhiteElo "1221"]
[BlackElo "1323"]
[PlyCount "81"]

1. d4 d5 2. c4 Nf6 3. cxd5 Qxd5 4. Nc3 Qa5 5. Qa4+ Qxa4 6. Nxa4 Bd7 7. Nc3 Nc6
8. Nf3 e6 9. e4 Bb4 10. Bd3 Bxc3+ 11. bxc3 Nxe4 12. Bxe4 O-O 13. O-O Rfe8 14.
Bf4 Rac8 15. Rab1 b6 16. Rfd1 f6 17. d5 Na5 18. dxe6 Bxe6 19. Bd5 c5 20. Bxe6+
Rxe6 21. Ne5 Nc6 22. Nc4 Re4 23. Nd6 Rd8 24. Nxe4 Kf8 25. Rxd8+ Nxd8 26. Bd6+
Kf7 27. Bf4 Nc6 28. Nd6+ Ke6 29. Re1+ Kd7 30. Rd1 g5 31. Bg3 h5 32. Ne4+ Ke6
33. h4 Kf5 34. Nd6+ Kg6 35. hxg5 fxg5 36. Ne4 Kf5 37. Re1 a5 38. Nd6+ Kg6 39.
Re6+ Kg7 40. Nf5+ Kf7 41. Rxc6 1-0

[Event "Tournoi francophone 004 Groupe D"]
[Site "Skype"]
[Date "????.??.??"]
[Round "5.2"]
[White "Bustos, Ricardo"]
[Black "Tamditi, Ibrahim"]
[Result "0-1"]
[WhiteElo "1379"]
[BlackElo "1293"]
[PlyCount "78"]

1. d4 Nf6 2. Bg5 Ne4 3. Bf4 e6 4. Nf3 Bd6 5. Bxd6 cxd6 6. Nbd2 Qa5 7. a3 O-O 8.
b4 Qd5 9. c4 Qf5 10. Nxe4 Qxe4 11. Nd2 Qxd4 12. e3 Qf6 13. Ne4 Qe5 14. Nxd6
Qc3+ 15. Ke2 b6 16. Qc1 Qe5 17. Nxc8 Rxc8 18. Ke1 Nc6 19. Be2 Qe4 20. f3 Qh4+
21. g3 Qf6 22. Ra2 Ne5 23. Qb2 Qf5 24. g4 Qg5 25. f4 Qh4+ 26. Kd1 Nxg4 27. Bxg4
Qxg4+ 28. Qe2 Qxe2+ 29. Kxe2 Rxc4 30. Rd1 d5 31. Rd4 Rxd4 32. exd4 Rc8 33. Kd3
Kf8 34. Rg2 Rc6 35. b5 Rc4 36. Rc2 Rxc2 37. Kxc2 Ke7 38. Kb3 Kf6 39. Kb4 Kf5
0-1

[Event "Tournoi francophone 004 Groupe D"]
[Site "Skype"]
[Date "????.??.??"]
[Round "5.3"]
[White "Rodriguez, Nathalie"]
[Black "Talbot, Jacques"]
[Result "0-1"]
[WhiteElo "1301"]
[BlackElo "1467"]
[PlyCount "80"]

1. d4 d5 2. Nc3 Nf6 3. Bf4 a6 4. Nf3 e6 5. h3 c5 6. a3 Nc6 7. e3 cxd4 8. Nxd4
Bd7 9. Bd3 Be7 10. O-O e5 11. Bxe5 Nxe5 12. Be2 O-O 13. Bf3 Rc8 14. Nxd5 Nxf3+
15. Qxf3 Be6 16. Nxe6 fxe6 17. Nxe7+ Qxe7 18. Rfd1 b5 19. b4 Rxc2 20. Rd3 Rfc8
21. Rad1 Rc1 22. Qf4 Nd5 23. Qd4 Qf6 24. Rxc1 Rxc1+ 25. Rd1 Qxd4 26. exd4 Rxd1+
27. Kh2 Rxd4 28. g4 Rd2 29. Kg3 Rd3+ 30. Kg2 Nf4+ 31. Kh2 Rxh3+ 32. Kg1 Rxa3
33. Kh2 a5 34. bxa5 Rxa5 35. Kg3 Nd3 36. f3 b4 37. f4 b3 38. g5 b2 39. Kg4 Nxf4
40. Kxf4 b1=Q 0-1

[Event "Tournoi francophone 004 Groupe D"]
[Site "Skype"]
[Date "????.??.??"]
[Round "5.4"]
[White "Vincent, Andre"]
[Black "Gabriele, Noel"]
[Result "1-0"]
[WhiteElo "1362"]
[BlackElo "1340"]
[PlyCount "66"]

1. e4 e5 2. Nf3 Nc6 3. Nc3 Nf6 4. Bc4 h6 5. O-O Bc5 6. d3 O-O 7. h3 Re8 8. Re1
Nd4 9. Nxd4 Bxd4 10. Nd5 Nxd5 11. Bxd5 c6 12. Bb3 Qf6 13. Qf3 Qxf3 14. gxf3 d6
15. Kg2 Be6 16. c4 Rf8 17. Re2 f5 18. Be3 f4 19. Bxd4 exd4 20. Rae1 Rf6 21. Kh2
Rg6 22. Rh1 Rg5 23. Ree1 Rh5 24. Kg2 Rf8 25. Reg1 Rf6 26. Rh2 Rg6+ 27. Kh1
Rxg1+ 28. Kxg1 Bxh3 29. c5+ Kf8 30. cxd6 g6 31. e5 Ke8 32. e6 Rg5+ 33. Kh1 h5
1-0

[Event "Tournoi francophone 004 Groupe D"]
[Site "Skype"]
[Date "????.??.??"]
[Round "5.5"]
[White "Kruk, Clementine"]
[Black "Milanese, Serge"]
[Result "1-0"]
[WhiteElo "1419"]
[BlackElo "1314"]
[PlyCount "63"]

1. e4 e5 2. Nf3 Nc6 3. Bc4 Nf6 4. Ng5 d5 5. exd5 h6 6. dxc6 hxg5 7. Qe2 bxc6 8.
Qxe5+ Be7 9. Qxg5 Rg8 10. O-O Ne4 11. Qf4 Nd6 12. Re1 Nxc4 13. Qxc4 c5 14. Qxc5
Qd6 15. b4 Rh8 16. Qxd6 cxd6 17. Ba3 Rh6 18. c4 Re6 19. Nc3 Bb7 20. Nd5 Bxd5
21. cxd5 Rxe1+ 22. Rxe1 Rc8 23. Rc1 Kd7 24. Rxc8 Kxc8 25. g3 a6 26. Bb2 g6 27.
h4 Kd7 28. a4 Bd8 29. Bd4 Kc8 30. a5 f5 31. Kg2 Kd7 32. Kf3 1-0

[Event "Tournoi francophone 004 Groupe D"]
[Site "Skype"]
[Date "????.??.??"]
[Round "6.1"]
[White "Riviere, Perrine"]
[Black "Milanese, Serge"]
[Result "0-1"]
[WhiteElo "1323"]
[BlackElo "1314"]
[PlyCount "64"]

1. e4 e5 2. Nf3 Nc6 3. Bb5 Nf6 4. Nc3 a6 5. Ba4 b5 6. Bb3 Nd4 7. Nxe5 Nxb3 8.
axb3 c6 9. d4 Bb7 10. Bg5 Be7 11. O-O b4 12. Na4 Nxe4 13. Bxe7 Qxe7 14. Qg4 d6
15. Qxg7 O-O-O 16. Nxf7 Rhg8 17. Qxh7 Nd2 18. Nb6+ Kb8 19. Rfe1 Nf3+ 20. Kf1
Nxe1 21. Rxe1 Qc7 22. Nc4 c5 23. Qf5 Bxg2+ 24. Kg1 Be4+ 25. Kf1 Bxf5 26. Nxd8
Bh3+ 27. Ke2 Re8+ 28. Kd2 Rxe1 29. Kxe1 Qxd8 30. d5 Qe7+ 31. Ne3 Qe5 32. Kd2
Qxh2 0-1

[Event "Tournoi francophone 004 Groupe D"]
[Site "Skype"]
[Date "????.??.??"]
[Round "6.2"]
[White "Gabriele, Noel"]
[Black "Kruk, Clementine"]
[Result "0-1"]
[WhiteElo "1340"]
[BlackElo "1419"]
[PlyCount "28"]

1. Nf3 Nc6 2. Nc3 Nf6 3. e4 e5 4. Bc4 Bc5 5. O-O d6 6. Ng5 O-O 7. Na4 Bb6 8. d3
h6 9. Nf3 Bg4 10. h3 Bh5 11. g4 Bg6 12. g5 hxg5 13. Bxg5 Bh5 14. Nc3 Nd4 0-1

[Event "Tournoi francophone 004 Groupe D"]
[Site "Skype"]
[Date "????.??.??"]
[Round "6.3"]
[White "Talbot, Jacques"]
[Black "Vincent, Andre"]
[Result "1/2-1/2"]
[WhiteElo "1467"]
[BlackElo "1362"]
[PlyCount "79"]

1. e4 c5 2. Nf3 d6 3. d4 cxd4 4. Nxd4 Bd7 5. Bc4 Nf6 6. Nc3 Qc7 7. Bd3 e5 8.
Ndb5 Bxb5 9. Nxb5 Qc8 10. Bg5 Nbd7 11. O-O Be7 12. Bxf6 Nxf6 13. Qe2 O-O 14.
Rad1 a6 15. Nc3 b5 16. a3 Qb7 17. Nd5 Nxd5 18. exd5 g6 19. c4 Rfc8 20. b4 Kg7
21. f4 bxc4 22. Bxc4 Qa7+ 23. Kh1 Bf6 24. fxe5 Bxe5 25. Ba2 Re8 26. Qf3 f5 27.
Qf2 Qxf2 28. Rxf2 Rac8 29. g3 Rc3 30. a4 Rec8 31. Kg2 Rc2 32. Rdd2 Rc1 33. Rf1
R8c2 34. Rff2 Rc3 35. Rf3 R1c2 36. Rff2 Rc1 37. Rf1 R1c2 38. Rff2 Rc1 39. Rf1
R1c2 40. Rff2 1/2-1/2

[Event "Tournoi francophone 004 Groupe D"]
[Site "Skype"]
[Date "????.??.??"]
[Round "6.4"]
[White "Tamditi, Ibrahim"]
[Black "Rodriguez, Nathalie"]
[Result "1-0"]
[WhiteElo "1293"]
[BlackElo "1301"]
[PlyCount "27"]

1. e4 e5 2. Bc4 Nf6 3. Nf3 h6 4. Nxe5 Nxe4 5. Nxf7 Qe7 6. O-O d6 7. Nxh8 Bf5 8.
d3 Ng5 9. Re1 Ne6 10. Qh5+ g6 11. Nxg6 Bxg6 12. Qxg6+ Kd8 13. Rxe6 Qh4 14. Qe8#
1-0

[Event "Tournoi francophone 004 Groupe D"]
[Site "Skype"]
[Date "????.??.??"]
[Round "6.5"]
[White "Moumtaz, Abderrahim"]
[Black "Bustos, Ricardo"]
[Result "0-1"]
[WhiteElo "1221"]
[BlackElo "1379"]
[PlyCount "58"]

1. d4 Nf6 2. c4 e6 3. Nc3 d5 4. Nf3 c5 5. Bg5 Be7 6. e3 cxd4 7. Nxd4 e5 8. Nf3
Be6 9. Nxe5 Nbd7 10. Nf3 O-O 11. Bd3 dxc4 12. Bxc4 Bxc4 13. Nd4 h6 14. Bh4 Ne5
15. Rc1 Ng6 16. Bxf6 Bxf6 17. Ne4 Bxd4 18. Rxc4 Bxb2 19. Qxd8 Raxd8 20. O-O Ne5
21. Rb4 Ba3 22. Rxb7 f5 23. Nc3 Bc5 24. Nb5 a6 25. Nc7 Rb8 26. Rfb1 Rxb7 27.
Rxb7 Rd8 28. h4 Ng4 29. Ne6 Rd1# 0-1

[Event "Tournoi francophone 004 Groupe D"]
[Site "Skype"]
[Date "????.??.??"]
[Round "7.1"]
[White "Bustos, Ricardo"]
[Black "Riviere, Perrine"]
[Result "1-0"]
[WhiteElo "1379"]
[BlackElo "1323"]
[PlyCount "85"]

1. d4 d5 2. c4 Nf6 3. Nc3 Nc6 4. Bg5 e6 5. Nf3 Be7 6. e3 h6 7. Bh4 b6 8. Bd3
Ba6 9. cxd5 Bxd3 10. Qxd3 Nb4 11. Qd2 Nbxd5 12. Nxd5 exd5 13. a3 O-O 14. O-O
Ne4 15. Bxe7 Nxd2 16. Bxd8 Raxd8 17. Nxd2 f5 18. Nf3 g5 19. Ne5 f4 20. Nc6 Ra8
21. Rac1 fxe3 22. Ne7+ Kg7 23. fxe3 Rae8 24. Nxd5 Rc8 25. Rxf8 Kxf8 26. Rf1+
Ke8 27. Nf6+ Ke7 28. h3 Rf8 29. Nd5+ Ke8 30. Rxf8+ Kxf8 31. Nxc7 Ke7 32. Nb5 a6
33. Nc7 a5 34. b3 Kd6 35. Nb5+ Kc6 36. a4 h5 37. g3 Kd5 38. Kf2 Ke6 39. Kf3 Kd5
40. Nc3+ Ke6 41. e4 Kf6 42. Nd5+ Ke6 43. Nxb6 1-0